LEADER 01702nam 2200433 a 450 001 9910697924203321 005 20240105005130.0 035 $a(CKB)5470000002393754 035 $a(OCoLC)299080998 035 $a(EXLCZ)995470000002393754 100 $a20090122d2008 ua z 101 0 $aeng 135 $aurcn||||m|||| 181 $ctdi$2rdacontent 182 $cc$2rdamedia 183 $acr$2rdacarrier 200 00$aMarine accident report$b[electronic resource] $eheeling accident on M/V Crown Princess, Atlantic Ocean off Port Canaveral, Florida, July 18, 2006 : DCA06MF018 210 1$a[Washington, D.C.] :$cNational Transportation Safety Board,$d[2008] 215 $a1 electronic document $cHTML, digital, 2 FLV files 225 1 $aBoard meeting animations 300 $aTitle from HTML title screen (viewed Jan. 22, 2009). 300 $aAnimations available as streaming and downloadable FLV files. 327 $aBrief version with view of horizon ( 39 sec., FLV file, sil., col.) -- Full version (2 min., 33 sec., FLV file, sd., col.). 517 $aMarine accident report 606 $aPilots and pilotage$zFlorida$zCape Canaveral$vCase studies 606 $aSteering-gear$vCase studies 606 $aCruise ships$xAccidents$zFlorida$zCape Canaveral$vCase studies 608 $aAnimated films.$2lcgft 608 $aStreaming videos.$2lcgft 615 0$aPilots and pilotage 615 0$aSteering-gear 615 0$aCruise ships$xAccidents 712 02$aUnited States.$bNational Transportation Safety Board. 801 0$bGPO 801 1$bGPO 906 $aBOOK 912 $a9910697924203321 996 $aMarine accident report$93438146 997 $aUNINA